Statistics for 中米の国々

Click here to take the quiz!

General Stats

  • This quiz has been taken 70 times
  • The average score is 5 of 7

Answers on the Map

Answers color-coded by a green-red scale on the quiz's map according to % correct below.
 

Answer Stats

% Correct
パナマ
88%
エルサルバドル
72%
グアテマラ
65%
ニカラグア
63%
コスタリカ
61%
ホンジュラス
61%
ベリーズ
53%

Score Distribution

Percentile by Number Answered

Percent of People with Each Score

Your Score History

You have not taken this quiz